| 000 | 00844nam a2200253 i 4500 | ||
|---|---|---|---|
| 001 | 91872 | ||
| 003 | ES-MaACL | ||
| 005 | 20240605063003.0 | ||
| 007 | t| | ||
| 008 | 050224s2001 sp ||||1| spa d | ||
| 020 | _a84-7822-361-4 | ||
| 080 | _a811.134.28(091) | ||
| 080 | _a821.134.28.09 | ||
| 100 | 1 |
_aSantonja, Gonzalo, _d1952- _9103451 |
|
| 245 | 1 | 0 |
_aA la lumbre del día _b: notas y reflexiones sobre la lengua y la literatura de los sefardíes / _cGonzalo Santonja. |
| 260 |
_aValencia : _bInstitució Alfons el Magnáanim, _c2001. |
||
| 300 |
_a76 p. ; _c17 cm. |
||
| 490 | 1 |
_aDebats ; _v14 |
|
| 650 | 1 | 4 |
_aLengua sefardí- _vHistoria. _914323 |
| 650 | 1 | 4 |
_aLiteratura sefardí- _zHistoria y crítica. _914668 |
| 830 | 0 |
_aDebats ; _v14 _9179595 |
|
| 852 |
_aES-MaACL _jL-28940 _bR.134352 |
||
| 999 |
_c91872 _d91872 |
||